[Event "Irish International Open 2019"]
[Site "Dublin"]
[Date "2019.04.18"]
[Round "2.11"]
[White "Longson, Alexander"]
[Black "Schmitz, Andreas Arnold"]
[Result "1-0"]
[WhiteElo "2318"]
[BlackElo "2003"]
[Annotator "NA"]
[PlyCount "121"]
[EventDate "2019.02.28"]
[EventType "swiss"]
[EventCountry "IRL"]
[SourceTitle "playchess.com"]
[Source "ChessBase"]
[SourceQuality "1"]
[TimeControl "5400+30"]

1. d4 {[%emt 0:00:00]} d5 {[%emt 0:00:00]} 2. c4 {[%emt 0:00:00]} dxc4 {[%emt 0:00:00]} 3. e3 {[%emt 0:00:02]} e5 {[%emt 0:00:26]} 4. Bxc4 {[%emt 0:00:15]} exd4 {[%emt 0:00:25]} 5. exd4 {[%emt 0:00:06]} Nf6 {[%emt 0:01:07]} 6. Qb3 {[%emt 0:00:30]} Qe7+ {[%emt 0:01:02]} 7. Ne2 {[%emt 0:00:09] D20: Queen's Gambit Accepted: 3 e3 and 3 e4} (7. Be3 Qb4+ 8. Nc3 Qxb3 9. Bxb3 a6 10. Nf3 Bd6 11. Bg5 Nbd7 12. O-O-O O-O 13. Rhe1 h6 14. Bh4 g5 {1-0 (49) Vallejo Pons,F (2695)-Usmanov,V (2450) St Petersburg 2018}) 7... Qb4+ {[%emt 0:00:23]} 8. Nbc3 {[%emt 0:00:08]} Qxb3 {[%emt 0:00:44]} 9. Bxb3 {[%emt 0:00:08]} Bb4 {[%emt 0:06:06]} 10. O-O {[%emt 0:04:30]} Bg4 {[%emt 0:02:22]} 11. Nf4 $146 {[%emt 0:09:48]} ({Predecessor:} 11. Bf4 c6 12. h3 Bxe2 13. Rfe1 O-O 14. Rxe2 Rd8 {1-0 (26) Prigodin,R (1975)-Jonkus,L (1889) Kaunas 2016}) 11... O-O {[%emt 0:01:58]} 12. f3 {[%emt 0:01:56]} Bd7 {[%emt 0:01:41]} 13. Nd3 {[%emt 0:18:12]} a5 {[%emt 0:10:37]} 14. Bg5 {[%emt 0:06:57]} Bxc3 {[%emt 0:01:31]} 15. bxc3 {[%emt 0:05:48]} a4 {[%emt 0:02:59]} 16. Bc2 {[%emt 0:05:54]} Nd5 {[%emt 0:01:32]} 17. Bd2 {[%emt 0:02:59]} b5 {[%emt 0:04:46]} 18. Rab1 {[%emt 0:08:01]} Nb6 {[%emt 0:10:00]} 19. Nc5 $14 {[%emt 0:06:17]} Bc6 {[%emt 0:01:23]} 20. Bd3 {[%emt 0:06:23]} Bd5 {[%emt 0:03:31]} 21. Rxb5 {[%emt 0:04:37]} Bxa2 {[%emt 0:02:13]} 22. Ra1 {[%emt 0:01:39]} Bd5 {[%emt 0:06:30]} 23. Bf4 {[%emt 0:02:58]} Bc6 {[%emt 0:00:39]} 24. Rb2 {[%emt 0:00:46]} Nd5 {[%emt 0:01:19]} 25. Bd2 {[%emt 0:00:04]} Nd7 {[%emt 0:01:02]} 26. Nxd7 {[%emt 0:04:18]} Bxd7 {[%emt 0:00:06]} 27. Be4 {[%emt 0:03:08]} c6 {[%emt 0:00:47]} 28. Bc2 {[%emt 0:02:07]} c5 {[%emt 0:03:20]} 29. Be4 {[%emt 0:01:05]} Bc6 {[%emt 0:01:20]} 30. c4 {[%emt 0:00:17]} Ne7 {[%emt 0:03:32]} 31. d5 {[%emt 0:00:06]} f5 {[%emt 0:00:12]} 32. Bc2 {[%emt 0:02:02]} Be8 {[%emt 0:02:59]} 33. Be3 {[%emt 0:01:56]} Ra5 {[%emt 0:01:39]} 34. Rba2 {[%emt 0:01:27]} Nc8 {[%emt 0:00:48]} 35. Bxa4 {[%emt 0:00:57]} Bxa4 {[%emt 0:00:10]} 36. Rxa4 {[%emt 0:00:06]} Rxa4 {[%emt 0:00:06]} 37. Rxa4 {[%emt 0:00:03]} Nb6 {[%emt 0:00:22]} 38. Ra7 {[%emt 0:01:56]} Rc8 {[%emt 0:01:25]} 39. Bd2 {[%emt 0:01:17]} Nxc4 {[%emt 0:05:30]} 40. Bc3 {[%emt 0:00:04]} Rd8 {[%emt 0:01:37]} 41. Rxg7+ {[%emt 0:00:28]} Kf8 {[%emt 0:00:04]} 42. Rxh7 {[%emt 0:00:17]} Rxd5 {[%emt 0:00:05]} 43. Rc7 {[%emt 0:01:04]} Ke8 {[%emt 0:02:58]} 44. h4 {[%emt 0:00:28]} f4 {[%emt 0:00:20]} 45. Bf6 {[%emt 0:00:41]} Ne3 {[%emt 0:04:21]} 46. Bg5 {[%emt 0:00:20]} Rd1+ {[%emt 0:01:58]} 47. Kh2 {[%emt 0:00:02]} Rd2 {[%emt 0:06:26]} 48. Bxf4 {[%emt 0:01:44]} Rxg2+ {[%emt 0:00:10]} 49. Kh3 {[%emt 0:00:00]} Re2 {[%emt 0:01:00]} 50. Rxc5 {[%emt 0:00:00]} Ng2 {[%emt 0:02:09]} 51. Bg3 {[%emt 0:00:50]} Kf7 {[%emt 0:00:33]} 52. Kg4 {[%emt 0:00:38]} Ne3+ {[%emt 0:00:24]} 53. Kg5 {[%emt 0:00:18]} Rg2 {[%emt 0:00:21]} 54. Kf4 {[%emt 0:00:38]} Nf1 {[%emt 0:02:45]} 55. Be1 {[%emt 0:00:11]} Nh2 {[%emt 0:01:41]} 56. Rc1 {[%emt 0:00:50]} Rg1 {[%emt 0:01:44]} 57. Bd2 {[%emt 0:00:16]} Rg2 {[%emt 0:00:12]} 58. Be3 {[%emt 0:00:26]} Ra2 {[%emt 0:01:00]} 59. Bg1 {[%emt 0:00:51]} Ra4+ {[%emt 0:00:16]} 60. Kg3 {[%emt 0:00:28]} Nxf3 {[%emt 0:00:23]} 61. Rf1 {[%emt 0:00:21]} 1-0

[Event "Irish International Open 2019"]
[Site "Dublin"]
[Date "2019.04.18"]
[Round "2.12"]
[White "Mulligan, Scott"]
[Black "De Verdier, Michael"]
[Result "0-1"]
[WhiteElo "2006"]
[BlackElo "2306"]
[Annotator "NA"]
[PlyCount "118"]
[EventDate "2019.02.28"]
[EventType "swiss"]
[EventCountry "IRL"]
[SourceTitle "playchess.com"]
[Source "ChessBase"]
[SourceQuality "1"]
[TimeControl "5400+30"]

1. e4 {[%emt 1:30:30]} c5 {[%emt 1:30:30]} 2. Nf3 {[%emt 0:00:30]} e6 {[%emt 0:00:30]} 3. d4 {[%emt 0:00:30]} cxd4 {[%emt 0:00:30]} 4. Nxd4 {[%emt 0:00:30]} a6 {[%emt 0:00:30]} 5. Nc3 {[%emt 0:00:30]} b5 {[%emt 0:00:30]} 6. Bd3 {[%emt 0:00:30]} Bb7 {[%emt 0:00:30]} 7. O-O {[%emt 0:00:30]} Nc6 {[%emt 0:00:30]} 8. Be3 {[%emt 0:00:30]} Ne5 {[%emt 0:00:30]} 9. f4 {[%emt 0:00:30]} Nxd3 {[%emt 0:00:30]} 10. cxd3 {[%emt 0:00:30]} Nf6 {[%emt 0:00:30]} 11. Qf3 {[%emt 0:00:30]} d6 {[%emt 0:00:30]} 12. h3 {[%emt 0:00:30]} Be7 {[%emt 0:00:30]} 13. Rac1 {[%emt 0:00:30]} O-O {[%emt 0:00:30]} 14. g4 {[%emt 0:00:30]} Rc8 {[%emt 0:00:30]} 15. a3 {[%emt 0:00:30]} Nd7 $11 {[%emt 0:00:30]} 16. Rcd1 {[%emt 0:00:30]} d5 {[%emt 0:00:30]} 17. e5 {[%emt 0:00:30]} b4 {[%emt 0:00:30]} 18. axb4 {[%emt 0:00:30]} Bxb4 {[%emt 0:00:30]} 19. Nce2 {[%emt 0:00:30]} Bc5 {[%emt 0:00:30]} 20. Qg3 {[%emt 0:00:30]} Re8 {[%emt 0:00:30]} 21. Nb3 {[%emt 0:00:30]} Bxe3+ {[%emt 0:00:30]} 22. Qxe3 {[%emt 0:00:30]} d4 {[%emt 0:00:30]} 23. Qxd4 {[%emt 0:00:30]} Bd5 {[%emt 0:00:30]} 24. Nd2 {[%emt 0:00:30]} Qh4 {[%emt 0:00:30]} 25. Qe3 {[%emt 0:00:30]} Rb8 {[%emt 0:00:30]} 26. Nc3 {[%emt 0:00:30]} Ba8 {[%emt 0:00:30]} 27. Nce4 {[%emt 0:00:30]} Nb6 {[%emt 0:00:30]} 28. Qg3 {[%emt 0:00:30]} Qxg3+ {[%emt 0:00:30]} 29. Nxg3 {[%emt 0:00:30]} Na4 {[%emt 0:00:30]} 30. b3 {[%emt 0:00:30]} Nc5 {[%emt 0:00:30]} 31. Nde4 {[%emt 0:00:30]} Nxb3 {[%emt 0:00:30]} 32. Nd6 {[%emt 0:00:30]} Red8 {[%emt 0:00:30]} 33. Nge4 {[%emt 0:00:30]} h6 {[%emt 0:00:30]} 34. f5 {[%emt 0:00:30]} Nd4 {[%emt 0:00:30]} 35. Rb1 {[%emt 0:00:30]} Rxb1 {[%emt 0:00:30]} 36. Rxb1 {[%emt 0:00:30]} Nf3+ {[%emt 0:00:30]} 37. Kf2 {[%emt 0:00:30]} Nxe5 {[%emt 0:00:30]} 38. Rd1 {[%emt 0:00:30]} exf5 {[%emt 0:00:30]} 39. gxf5 {[%emt 0:00:30]} Bxe4 {[%emt 0:00:30]} 40. Nxe4 {[%emt 0:00:30]} Rxd3 {[%emt 0:00:30]} 41. Ra1 {[%emt 0:00:30]} Rf3+ {[%emt 0:00:30]} 42. Kg2 {[%emt 0:00:30]} Rxf5 {[%emt 0:00:30]} 43. Rxa6 {[%emt 0:00:30]} Ng6 {[%emt 0:00:30]} 44. Kg3 {[%emt 0:00:30]} Rf1 {[%emt 0:00:30]} 45. Nf2 {[%emt 0:00:30]} Re1 {[%emt 0:00:30]} 46. Ra8+ {[%emt 0:00:30]} Kh7 {[%emt 0:00:30]} 47. Ra3 {[%emt 0:00:30]} Rg1+ {[%emt 0:00:30]} 48. Kh2 {[%emt 0:00:30]} Rb1 {[%emt 0:00:30]} 49. Kg3 {[%emt 0:00:30]} Ne5 {[%emt 0:00:30]} 50. Kg2 {[%emt 0:00:30]} f6 {[%emt 0:00:30]} 51. Rc3 {[%emt 0:00:30]} Re1 {[%emt 0:00:30]} 52. Ra3 {[%emt 0:00:30]} Re2 {[%emt 0:00:30]} 53. Kg3 {[%emt 0:00:30]} Nc4 {[%emt 0:00:30]} 54. Ra7 {[%emt 0:00:30]} Nd6 {[%emt 0:00:30]} 55. Ng4 {[%emt 0:00:30]} Kg6 {[%emt 0:00:30]} 56. h4 {[%emt 0:00:30]} h5 {[%emt 0:00:30]} 57. Nf2 {[%emt 0:00:30]} Nf5+ {[%emt 0:00:30]} 58. Kf3 {[%emt 0:00:30]} Re3+ {[%emt 0:00:30]} 59. Kf4 {[%emt 0:00:30]} Rb3 {[%emt 0:00:30]} 0-1

[Event "Irish International Open 2019"]
[Site "Dublin"]
[Date "2019.04.18"]
[Round "2.13"]
[White "Schmitz, Manuela"]
[Black "Fitzsimons, David"]
[Result "0-1"]
[WhiteElo "1968"]
[BlackElo "2299"]
[Annotator "NA"]
[PlyCount "104"]
[EventDate "2019.02.28"]
[EventType "swiss"]
[EventCountry "IRL"]
[SourceTitle "playchess.com"]
[Source "ChessBase"]
[SourceQuality "1"]
[TimeControl "5400+30"]

1. d4 {[%emt 0:00:00]} g6 {[%emt 0:00:00]} 2. Nf3 {[%emt 0:00:00]} Bg7 {[%emt 0:00:00]} 3. e4 {[%emt 0:01:35]} d6 {[%emt 0:00:07]} 4. c4 {[%emt 0:00:44]} Nf6 {[%emt 0:02:11]} 5. Nc3 {[%emt 0:00:19]} O-O {[%emt 0:00:07]} 6. Be2 {[%emt 0:00:18]} Na6 {[%emt 0:00:52]} 7. h3 {[%emt 0:02:10]} e5 {[%emt 0:00:42] E91: King's Indian: Classical: 6 Be2, unusual replies including 6...c5 and 6...Bg4} 8. dxe5 {[%emt 0:01:22]} (8. d5 Nc5 9. Qc2 a5 10. Be3 c6 11. g4 cxd5 12. cxd5 a4 13. Nd2 Bd7 14. a3 Ne8 15. h4 Nc7 16. h5 b5 17. Na2 N7a6 18. Kf1 {0-1 (27) Postny,E (2615)-Demchenko,A (2679) St Petersburg 2018}) 8... dxe5 {[%emt 0:00:52]} 9. Qxd8 {[%emt 0:05:39]} Rxd8 {[%emt 0:00:06]} 10. Be3 {[%emt 0:01:01]} Nh5 {[%emt 0:09:20]} 11. O-O {[%emt 0:05:58]} Nf4 {[%emt 0:00:31]} 12. Rfd1 {[%emt 0:00:59]} Nxe2+ {[%emt 0:02:03]} 13. Nxe2 {[%emt 0:00:07]} Re8 $146 {[%emt 0:01:58]} ({Predecessor:} 13... Be6 14. b3 f6 15. Nc3 Bf8 16. Rxd8 Rxd8 {½-½ (44) Schmidt,J (2285)-Paehtz,E (2459) Germany 2017}) 14. Ne1 {[%emt 0:05:46]} c6 {[%emt 0:01:17]} 15. Nc3 {[%emt 0:00:51]} Nc7 {[%emt 0:01:28]} 16. Nc2 {[%emt 0:02:29]} f5 {[%emt 0:00:50]} 17. f3 {[%emt 0:00:15]} f4 {[%emt 0:00:36]} 18. Bf2 {[%emt 0:00:13]} g5 {[%emt 0:00:06]} 19. Rd2 {[%emt 0:04:24]} h5 {[%emt 0:00:23]} 20. Rad1 {[%emt 0:02:41]} g4 {[%emt 0:02:21]} 21. hxg4 {[%emt 0:00:08]} hxg4 {[%emt 0:00:05]} 22. Kf1 {[%emt 0:02:01]} Ne6 {[%emt 0:01:44]} 23. b3 {[%emt 0:05:37]} Kf7 {[%emt 0:01:02]} 24. Ke2 {[%emt 0:01:22]} Rh8 {[%emt 0:01:13]} 25. Bg1 {[%emt 0:01:10]} Rh1 {[%emt 0:02:14]} 26. Na4 {[%emt 0:03:18]} Bf8 {[%emt 0:04:22]} 27. Nb2 {[%emt 0:02:57]} Ng5 {[%emt 0:00:28]} 28. Nd3 {[%emt 0:01:19]} Kf6 {[%emt 0:00:49]} 29. Nf2 {[%emt 0:00:55]} Rh4 {[%emt 0:01:43]} 30. Rd8 {[%emt 0:03:37]} gxf3+ {[%emt 0:00:30]} 31. gxf3 {[%emt 0:00:10]} Be7 {[%emt 0:00:28]} 32. R8d3 {[%emt 0:01:50]} Be6 {[%emt 0:01:41]} 33. Ne1 {[%emt 0:02:11]} Rg8 {[%emt 0:00:30]} 34. R3d2 {[%emt 0:03:53]} Nf7 {[%emt 0:04:07]} 35. Ned3 {[%emt 0:02:08]} Rg3 $19 {[%emt 0:01:38]} 36. Rf1 {[%emt 0:01:44]} Ng5 {[%emt 0:00:11]} 37. Ne1 {[%emt 0:01:24]} Bb4 {[%emt 0:01:11]} 38. Rd3 {[%emt 0:00:22]} Bc5 {[%emt 0:01:06]} 39. Ng4+ {[%emt 0:01:29]} Bxg4 {[%emt 0:00:47]} 40. Bxc5 {[%emt 0:00:17]} Nxe4 {[%emt 0:00:16]} 41. Bxa7 {[%emt 0:02:12]} Rh2+ {[%emt 0:00:17]} 42. Bf2 {[%emt 0:01:17]} Bh5 {[%emt 0:00:33]} 43. b4 {[%emt 0:03:22]} Ng5 {[%emt 0:00:25]} 44. Kd1 {[%emt 0:04:50]} Rgh3 {[%emt 0:00:20]} 45. Rd6+ {[%emt 0:01:55]} Kf5 {[%emt 0:00:19]} 46. Bb6 {[%emt 0:01:00]} Nxf3 {[%emt 0:01:22]} 47. Nxf3 {[%emt 0:00:08]} Bxf3+ {[%emt 0:00:10]} 48. Kc1 {[%emt 0:00:18]} Rxa2 {[%emt 0:00:14]} 49. Kb1 {[%emt 0:00:30]} Rg2 {[%emt 0:00:12]} 50. Bd8 {[%emt 0:00:26]} Be4+ {[%emt 0:00:19]} 51. Kc1 {[%emt 0:00:29]} Rc3+ {[%emt 0:00:05]} 52. Kd1 {[%emt 0:00:32]} Bc2+ {[%emt 0:00:17]} 0-1

[Event "Irish International Open 2019"]
[Site "Dublin"]
[Date "2019.04.18"]
[Round "2.14"]
[White "Brady, Stephen"]
[Black "Murphy, Sean"]
[Result "1/2-1/2"]
[WhiteElo "2301"]
[BlackElo "1976"]
[Annotator "NA"]
[PlyCount "55"]
[EventDate "2019.02.28"]
[EventType "swiss"]
[EventCountry "IRL"]
[SourceTitle "playchess.com"]
[Source "ChessBase"]
[SourceQuality "1"]
[TimeControl "5400+30"]

1. e4 {[%emt 1:30:30]} c6 {[%emt 1:30:30]} 2. Nc3 {[%emt 0:00:30]} d5 {[%emt 0:00:30]} 3. Nf3 {[%emt 0:00:30]} Bg4 {[%emt 0:00:30]} 4. h3 {[%emt 0:00:30]} Bh5 {[%emt 0:00:30]} 5. exd5 {[%emt 0:00:30]} cxd5 {[%emt 0:00:30]} 6. Bb5+ {[%emt 0:00:30]} Nc6 {[%emt 0:00:30]} 7. g4 {[%emt 0:00:30]} Bg6 {[%emt 0:00:30]} 8. Ne5 {[%emt 0:00:30]} Rc8 {[%emt 0:00:30]} 9. d4 {[%emt 0:00:30]} e6 {[%emt 0:00:30]} 10. h4 {[%emt 0:00:30]} f6 $1 {[%emt 0:00:30]} 11. Nxg6 {[%emt 0:00:30]} hxg6 {[%emt 0:00:30]} 12. Qe2 {[%emt 0:00:30] B11: Caro-Kann: Two Knights Variation} (12. g5 Bb4 13. Bd2 Nge7 14. h5 Kd7 15. Na4 Bd6 16. Nc5+ Bxc5 17. dxc5 Rxh5 18. Rxh5 gxh5 19. Qxh5 Qh8 {1-0 (48) Fedoseev,V (2713)-Brunner,L (2457) Porto Carras 2018}) 12... Kf7 {[%emt 0:00:30]} 13. Be3 {[%emt 0:00:30]} Bb4 {[%emt 0:00:30]} 14. Kf1 {[%emt 0:00:30] [#]} a6 $146 {[%emt 0:00:30]} ({Predecessor:} 14... Nge7 15. Rh3 Qa5 16. Nd1 Bd6 {½-½ (16) Slobodjan,R (2522)-Erenburg,S (2533) Dresden 2004}) 15. Bd3 {[%emt 0:00:30]} Nge7 {[%emt 0:00:30]} 16. Rd1 {[%emt 0:00:30]} Bxc3 {[%emt 0:00:30]} 17. bxc3 {[%emt 0:00:30]} Na5 {[%emt 0:00:30]} 18. Bd2 {[%emt 0:00:30]} Nc4 {[%emt 0:00:30]} 19. Re1 {[%emt 0:00:30]} Qd7 {[%emt 0:00:30]} 20. h5 {[%emt 0:00:30]} b5 $11 {[%emt 0:00:30]} 21. Bc1 {[%emt 0:00:30]} Rce8 {[%emt 0:00:30]} 22. Kg2 {[%emt 0:00:30]} gxh5 {[%emt 0:00:30]} 23. gxh5 {[%emt 0:00:30]} f5 {[%emt 0:00:30]} 24. Rh3 {[%emt 0:00:30]} Ng8 {[%emt 0:00:30]} 25. Bg5 {[%emt 0:00:30]} Nf6 {[%emt 0:00:30]} 26. Bxf6 {[%emt 0:00:30]} gxf6 {[%emt 0:00:30]} 27. Rg1 {[%emt 0:00:30]} Reg8+ {[%emt 0:00:30]} 28. Kf1 {[%emt 0:00:30]} 1/2-1/2

[Event "Irish International Open 2019"]
[Site "Dublin"]
[Date "2019.04.18"]
[Round "2.15"]
[White "Cafolla, Peter"]
[Black "Burns-Mannion, Stephen"]
[Result "1/2-1/2"]
[WhiteElo "1949"]
[BlackElo "2285"]
[Annotator "NA"]
[PlyCount "48"]
[EventDate "2019.02.28"]
[EventType "swiss"]
[EventCountry "IRL"]
[SourceTitle "playchess.com"]
[Source "ChessBase"]
[SourceQuality "1"]
[TimeControl "5400+30"]

1. e4 {[%emt 0:00:00]} e5 {[%emt 0:00:00]} 2. Nc3 {[%emt 0:00:00]} Nf6 {[%emt 0:00:00]} 3. Bc4 {[%emt 0:00:00]} Nc6 {[%emt 0:00:10]} 4. d3 {[%emt 0:00:00]} Na5 {[%emt 0:01:14]} 5. Bb3 {[%emt 0:00:05]} Nxb3 {[%emt 0:00:52]} 6. axb3 {[%emt 1:32:55]} d5 {[%emt 1:30:44]} 7. exd5 {[%emt 0:00:00]} Bb4 {[%emt 0:00:00]} 8. Bd2 {[%emt 0:00:00]} Nxd5 {[%emt 0:00:00]} 9. Qh5 {[%emt 0:00:00]} O-O {[%emt 0:00:00]} 10. Nge2 {[%emt 0:00:00]} Re8 {[%emt 0:00:00]} 11. O-O {[%emt 0:00:00]} g6 {[%emt 0:00:00]} 12. Qf3 {[%emt 0:00:00]} Be6 {[%emt 0:00:00]} 13. Qg3 {[%emt 0:00:00]} f5 {[%emt 0:00:00]} 14. f4 {[%emt 0:00:00]} (14. Qxe5 $2 Bf7 $17) 14... exf4 {[%emt 0:00:00]} 15. Nxf4 {[%emt 0:00:00]} Nxf4 {[%emt 0:00:00]} 16. Bxf4 $11 {[%emt 0:00:00]} c6 {[%emt 0:00:00]} 17. Rfe1 {[%emt 0:00:00]} Bc5+ {[%emt 0:00:00]} 18. Be3 {[%emt 0:00:00]} Bxe3+ {[%emt 0:00:00]} 19. Qxe3 {[%emt 0:00:00]} a6 {[%emt 0:00:00]} 20. Qf4 {[%emt 0:00:00]} Qb6+ {[%emt 0:00:00]} 21. Qe3 {[%emt 0:00:00]} Qc7 {[%emt 0:00:00]} 22. Qe5 {[%emt 0:00:00]} Qf7 {[%emt 0:00:00]} 23. Qc5 {[%emt 0:00:00]} Rad8 {[%emt 0:00:00]} 24. Re2 {[%emt 0:00:00]} Bc8 {[%emt 0:09:00]} 1/2-1/2

[Event "Irish International Open 2019"]
[Site "Dublin"]
[Date "2019.04.18"]
[Round "2.16"]
[White "Daly, Colm"]
[Black "Carroll, Peter"]
[Result "1-0"]
[WhiteElo "2278"]
[BlackElo "2006"]
[Annotator "TA"]
[PlyCount "46"]
[EventDate "2019.02.28"]
[EventType "swiss"]
[EventCountry "IRL"]
[SourceTitle "playchess.com"]
[Source "ChessBase"]
[SourceQuality "1"]

{[%evp 17,46,13,25,20,34,25,43,36,35,22,29,25,30,10,40,44,86,91,97,108,99,109,471,470,469,460,445,448,417,333,5289]} 1. Nf3 Nf6 2. c4 g6 3. Nc3 Bg7 4. g3 O-O 5. Bg2 d6 6. d3 e5 7. O-O h6 8. Rb1 a5 9. a3 Re8 10. e4 {A24: English Opening vs King's Indian: Lines without ...Nc6} Be6 $146 ({Predecessor:} 10... Na6 11. b4 c6 12. Re1 axb4 13. axb4 Nc7 14. Bb2 Nd7 15. Ra1 Rxa1 16. Qxa1 Ne6 17. Qa3 f5 {1-0 (60) Iordachescu,V (2584)-Kotronias,V (2612) Port Erin 2007}) 11. h3 Nbd7 {[%cal Bb8d7,Bd7c5,Bc5b3][%mdl 32]} 12. b3 {[%cal Bb2b3,Bb3b4][%mdl 32] White is slightly better.} c6 13. d4 exd4 14. Nxd4 Nc5 15. Bf4 a4 16. b4 (16. Nxa4 Bxc4 17. bxc4 Rxa4 $15) 16... Nb3 17. Nxe6 (17. Nxb3 axb3 18. Qxb3 g5 $15) 17... Rxe6 18. Nxa4 $1 {[%mdl 64] [#] Remove Defender} Rxa4 19. Rxb3 Nxe4 $2 {[%mdl 8192]} (19... Ra8 $16 {is a better chance.}) 20. Re3 $1 $18 {[%csl LRa4,LRe4]} Nxg3 {With the idea ...Rxe3.} 21. Rxe6 ({Less strong is} 21. Qxa4 Nxf1 22. Rxe6 fxe6 $18) ({Weaker is} 21. Rxg3 Ra8 $18) (21. Bxg3 Rxe3 22. Qxa4 Re7 $18) 21... fxe6 22. fxg3 ({Stronger than} 22. Qxa4 Ne2+ 23. Kh1 Nxf4 $11) 22... Rxa3 23. Qxd6 Qb6+ $2 {Accuracy: White = 67%, Black = 12%.} (23... Qxd6 24. Bxd6 Rd3) 1-0

[Event "Irish International Open 2019"]
[Site "Dublin"]
[Date "2019.04.18"]
[Round "2.17"]
[White "Duffy, Seamus"]
[Black "Pulkkinen, Kari"]
[Result "0-1"]
[WhiteElo "1921"]
[BlackElo "2265"]
[Annotator "NA"]
[PlyCount "74"]
[EventDate "2019.02.28"]
[EventType "swiss"]
[EventCountry "IRL"]
[SourceTitle "playchess.com"]
[Source "ChessBase"]
[SourceQuality "1"]
[TimeControl "5400+30"]

1. b3 {[%emt 0:00:00]} a5 {[%emt 0:00:00]} 2. a4 {[%emt 0:00:31]} Nf6 {[%emt 0:00:28]} 3. Bb2 {[%emt 0:00:13]} e6 {[%emt 0:00:31]} 4. e3 {[%emt 0:00:10]} Be7 {[%emt 0:00:38]} 5. f4 {[%emt 0:00:24]} O-O {[%emt 0:00:45]} 6. Nf3 {[%emt 0:00:06]} b6 {[%emt 0:01:48]} 7. Nc3 {[%emt 0:01:02]} Bb7 {[%emt 0:00:38]} 8. Be2 {[%emt 0:00:13]} Na6 {[%emt 0:01:05]} 9. O-O {[%emt 0:01:08]} Nb4 {[%emt 0:01:06]} 10. Ne5 {[%emt 0:02:33]} d6 {[%emt 0:01:53]} 11. Nd3 {[%emt 0:01:29]} Ba6 {[%emt 0:06:12]} 12. Nxb4 {[%emt 0:03:47]} axb4 {[%emt 0:00:19]} 13. Na2 {[%emt 0:02:20]} Bxe2 {[%emt 0:00:40]} 14. Qxe2 {[%emt 0:00:07]} d5 {[%emt 0:01:13]} 15. Rf3 {[%emt 0:07:16]} c5 {[%emt 0:03:12]} 16. Rh3 {[%emt 0:02:10]} g6 {[%emt 0:05:55]} 17. g4 {[%emt 0:07:22]} Qd7 {[%emt 0:08:11]} 18. Rf1 {[%emt 0:05:30] [#]} (18. Nc1 $15) 18... b5 $1 {[%emt 0:03:59]} 19. g5 {[%emt 0:08:04]} Ne8 {[%emt 0:00:19]} 20. Rff3 {[%emt 0:02:41]} f6 {[%emt 0:02:35]} 21. Rh6 {[%emt 0:11:21]} bxa4 {[%emt 0:03:31]} 22. bxa4 {[%emt 0:05:06]} (22. e4 $142 a3 23. Ba1) 22... Rxa4 {[%emt 0:03:16]} (22... Qxa4 $142 23. Nxb4 Qxb4) 23. Nc1 {[%emt 0:00:18]} c4 {[%emt 0:00:56]} ({Weaker is} 23... fxg5 {[#]} 24. Rxh7 $3 {[%mdl 512]} Kxh7 25. Rh3+ Kg8 26. Rh8+ Kf7 27. Nd3 $11) 24. Rfh3 {[%emt 0:01:23]} Rf7 {[%emt 0:00:18]} 25. Qg4 $19 {[%emt 0:02:46]} Bf8 {[%emt 0:03:04]} 26. gxf6 {[%emt 0:11:42]} Bxh6 {[%emt 0:01:23]} 27. Rxh6 {[%emt 0:00:06]} Nxf6 {[%emt 0:01:48]} 28. Qg5 {[%emt 0:03:56]} c3 {[%emt 0:03:54]} 29. dxc3 {[%emt 0:02:41]} Ne4 {[%emt 0:01:08]} 30. Qe5 {[%emt 0:01:19]} Qa7 {[%emt 0:01:57]} 31. Rh3 {[%emt 0:01:05]} bxc3 {[%emt 0:00:17]} 32. Bxc3 {[%emt 0:01:57]} Nxc3 {[%emt 0:00:11]} 33. Qxc3 {[%emt 0:00:35]} Raxf4 {[%emt 0:01:12]} 34. Qc8+ {[%emt 0:03:14]} Kg7 {[%emt 0:00:36]} 35. Qc3+ {[%emt 0:00:20]} d4 {[%emt 0:01:04]} 36. Qb2 {[%emt 0:01:53]} Rf1+ {[%emt 0:01:46]} 37. Kg2 {[%emt 0:00:10]} Qa8+ {[%emt 0:00:41]} 0-1

[Event "Irish International Open 2019"]
[Site "Dublin"]
[Date "2019.04.18"]
[Round "2.18"]
[White "Thorarinsson, Pall A."]
[Black "Plaza Reino, Mercedes"]
[Result "1-0"]
[WhiteElo "2246"]
[BlackElo "1927"]
[Annotator "NA"]
[PlyCount "85"]
[EventDate "2019.02.28"]
[EventType "swiss"]
[EventCountry "IRL"]
[SourceTitle "playchess.com"]
[Source "ChessBase"]
[SourceQuality "1"]
[TimeControl "5400+30"]

1. e4 {[%emt 0:00:40]} c5 {[%emt 0:00:00]} 2. Nf3 {[%emt 0:00:16]} e6 {[%emt 0:00:00]} 3. b3 {[%emt 0:01:11]} b6 {[%emt 0:05:24]} 4. Bb2 {[%emt 0:10:52]} Bb7 {[%emt 0:00:21]} 5. Nc3 {[%emt 0:00:37]} d5 {[%emt 0:12:14]} 6. exd5 {[%emt 0:04:25]} exd5 {[%emt 0:00:27]} 7. d4 {[%emt 0:01:55]} (7. Bb5+ $18 Bc6 8. Qe2+ Be7 9. Nxd5 {[%mdl 64] Discovered Attack}) 7... Nf6 {[%emt 0:02:01]} 8. Bb5+ {[%emt 0:09:11]} Bc6 {[%emt 0:06:06] [#]} (8... Nc6 $1 $14) 9. Qe2+ $1 {[%emt 0:04:28]} Be7 {[%emt 0:02:09] [#]} 10. Ne5 $1 {[%emt 0:03:02]} Qc7 {[%emt 0:17:13]} 11. O-O-O {[%emt 0:03:50]} a6 {[%emt 0:07:03]} 12. Bxc6+ {[%emt 0:08:10]} Nxc6 {[%emt 0:00:03]} 13. Nxc6 {[%emt 0:08:22]} Qxc6 {[%emt 0:00:04] [#]} 14. dxc5 $1 {[%emt 0:01:44]} bxc5 $16 {[%emt 0:04:36]} 15. Qf3 {[%emt 0:05:02]} Rd8 {[%emt 0:01:21]} 16. Rhe1 {[%emt 0:00:41]} Rd6 {[%emt 0:09:06]} 17. Re5 {[%emt 0:07:00]} d4 {[%emt 0:04:07]} 18. Rde1 {[%emt 0:01:15]} Qxf3 {[%emt 0:11:33]} 19. Rxe7+ {[%emt 0:00:32]} Kd8 {[%emt 0:00:28]} 20. gxf3 {[%emt 0:00:06]} dxc3 {[%emt 0:00:13]} 21. Bxc3 {[%emt 0:00:05]} Rd7 {[%emt 0:06:54]} 22. Ba5+ {[%emt 0:03:30]} Kc8 {[%emt 0:00:24]} 23. R1e5 {[%emt 0:00:21]} Rxe7 {[%emt 0:04:43]} 24. Rxe7 {[%emt 0:00:19]} Re8 {[%emt 0:02:35]} 25. Rc7+ {[%emt 0:11:02]} Kb8 {[%emt 0:00:21]} 26. Rxf7 {[%emt 0:00:06]} Re2 {[%emt 0:01:00]} 27. Bc7+ {[%emt 0:00:22]} Ka8 {[%emt 0:01:45]} 28. Bg3 {[%emt 0:00:55]} Nh5 {[%emt 0:00:29]} 29. Kd1 {[%emt 0:01:25]} Re8 {[%emt 0:01:01]} 30. Rc7 {[%emt 0:01:59]} Rd8+ {[%emt 0:00:33]} 31. Ke2 {[%emt 0:00:17]} Rd5 {[%emt 0:00:11]} 32. c4 {[%emt 0:00:46]} Rf5 {[%emt 0:00:09]} 33. Bd6 {[%emt 0:00:29]} Nf4+ {[%emt 0:00:57]} 34. Bxf4 {[%emt 0:01:24]} Rxf4 {[%emt 0:00:01]} 35. Rxg7 {[%emt 0:01:44]} Rh4 {[%emt 0:00:09]} 36. f4 {[%emt 0:00:41]} Rxh2 {[%emt 0:00:51]} 37. f5 {[%emt 0:00:24]} Rh6 {[%emt 0:00:11]} 38. Ke3 {[%emt 0:00:08]} Rf6 {[%emt 0:00:39]} 39. Ke4 {[%emt 0:00:07]} h6 {[%emt 0:00:36]} 40. Ke5 {[%emt 0:01:17]} Rf8 {[%emt 0:00:06]} 41. f6 {[%emt 0:00:14]} Kb8 {[%emt 0:00:16]} 42. f7 {[%emt 0:00:23]} Kc7 {[%emt 0:00:24]} 43. Ke6 {[%emt 0:10:13]} 1-0